Category Elimination - Counties - Statistics

General Stats
  • This quiz has been taken 75 times
  • The average score is 10 of 20
Answer Stats
Group # Category
% Correct
Green 32 Irish counties
92%
Green 21 ... with a population over 100,000
89%
Orange 48 Ceremonial English counties
89%
Orange 29 ... with a land area under 2,000 km²
77%
Green 7 ... in Leinster
74%
Orange 9 ... with more than one word in its name
66%
Purple 32 Scottish council areas
63%
Orange 5 ... with no cardinal direction in its name
61%
Blue 22 Welsh counties/county boroughs
53%
Purple 14 ... with a density lower than 100 people per km²
52%
Blue 12 ... with at most 10 letters in its name
47%
Purple 10 ... with fewer than 3 words in its name
47%
Blue 8 ... with a land area over 250 km²
39%
Purple 2 ... is an archipelago
35%
Green 2 ... ending in H
31%
Purple 1 ... starting with a unique letter Orkney
27%
Orange 1 ... is North of Wales Tyne and Wear
24%
Blue 3 ... is landlocked
23%
Green 1 ... whose county town is not its most populous Louth
23%
Blue 1 ... starting with C Caerphilly
10%
No matching quizzes found
Score Distribution
Percent of People with Each Score
Percentile by Number Answered
Your Score History
You have not taken this quiz